[Event "Mistrzostwa Polski Juniorek Mlodszych do lat 14 - OOM Zachodniopomorskie 2023"]
[Site "Darlowek"]
[Date "1899-12-30"]
[Round "3.22"]
[White "Mitrega, Lena"]
[Black "Socha, Maja"]
[Result "0-1"]
[WhiteTitle "II"]
[BlackTitle "II+"]
[WhiteElo "1187"]
[BlackElo "1073"]

1. e4 c5 2. c3 g6 3. Nf3 Bg7 4. d4 cxd4 5. cxd4 d5 6. e5 Nh6 7. Bd3 O-O 8. O-O
Bf5 9. Nc3 Nc6 10. Bxh6 Bxh6 11. Bxf5 gxf5 12. Qb3 e6 13. Qxb7 Na5 14. Qa6 Nc4
15. b3 Nd2 16. Nxd2 Bxd2 17. Qd3 Bg5 18. Ne2 Kh8 19. f4 Bh4 20. Qh3 Rg8 21. Kh1
Rc8 22. Rac1 Be7 23. Qd3 Rxc1 24. Rxc1 Ba3 25. Rc2 Qh4 26. Qd2 f6 27. Ng3 Rxg3
28. Qf2 Rg4 29. Rc8+ Kg7 30. Rc7+ Kg6 31. Qxh4 Rxh4 32. g3 Rg4 33. Rxa7 Bb2 34.
Ra6 Kf7 35. Ra4 Rg8 36. Kg2 fxe5 37. fxe5 Rc8 38. h4 Rc2+ 39. Kf3 Rc3+ 40. Kf2
Rd3 41. Ke2 Rxd4 42. Rxd4 Bxd4 43. a4 Bxe5 44. a5 Bxg3 45. a6 Bb8 46. b4 Ke7 47.
b5 Ba7 0-1

[Event "Mistrzostwa Polski Juniorek Mlodszych do lat 14 - OOM Zachodniopomorskie 2023"]
[Site "Darlowek"]
[Date "1899-12-30"]
[Round "3.23"]
[White "Woytitzki, Sophie"]
[Black "Cheda, Julia"]
[Result "1-0"]
[WhiteTitle "II"]
[BlackTitle "II"]
[WhiteElo "1156"]
[BlackElo "1068"]

1. e4 c6 2. d4 d5 3. Nc3 dxe4 4. Nxe4 Bf5 5. Ng3 Bg6 6. h4 h5 7. Nf3 Nd7 8. Bc4
e6 9. Qe2 Ngf6 10. Bg5 Be7 11. O-O-O b5 12. Bb3 Qc7 13. Ne5 Nxe5 14. dxe5 Nd5
15. Bxe7 Nxe7 16. Rhe1 a5 17. a4 Rb8 18. Rd2 O-O 19. Nxh5 Nf5 20. g3 Rfd8 21.
Rxd8+ Rxd8 22. Nf4 Nd4 23. Qe3 Bh7 24. g4 Qb6 25. h5 Nxb3+ 26. cxb3 Qb7 27. Qc5
Rc8 28. Rd1 Be4 29. g5 Bd5 30. g6 bxa4 31. bxa4 Rb8 32. Rd2 Rc8 33. f3 Ra8 34.
Qd6 Rb8 35. gxf7+ Kxf7 36. Nxd5 cxd5 37. Rc2 Kg8 38. Qxe6+ Kh8 39. Qd6 Kh7 40.
e6 Kg8 41. Qd7 Qb6 42. Rc8+ Rxc8+ 43. Qxc8+ Kh7 44. Kb1 Qe3 45. Qc2+ Kh8 46. Qf5
Qb3 47. Qc2 Qxf3 48. e7 Qxh5 49. Qc8+ Kh7 50. e8=Q Qd1+ 51. Qc1 Qd3+ 52. Qc2 Qxc2+
53. Kxc2 Kh6 54. Qf7 d4 55. Kd3 Kh7 56. Kxd4 Kh6 57. Ke5 g6 58. Kf6 Kh5 59. Qxg6+
Kh4 60. Kf5 Kh3 61. Kf4 Kh2 62. Kf3 Kh1 63. Qg2# 1-0

[Event "Mistrzostwa Polski Juniorek Mlodszych do lat 14 - OOM Zachodniopomorskie 2023"]
[Site "Darlowek"]
[Date "1899-12-30"]
[Round "3.24"]
[White "Gancarz, Julia"]
[Black "Rduch, Diana"]
[Result "1/2-1/2"]
[WhiteTitle "II"]
[BlackTitle "I"]
[WhiteElo "1057"]
[BlackElo "1128"]

1. e4 e6 2. d4 d5 3. Nd2 a6 4. Ngf3 c5 5. b3 Nf6 6. e5 Ne4 7. Nxe4 dxe4 8. Ng5
cxd4 9. Nxe4 Nc6 10. Bb2 Qd5 11. Nd2 Qxe5+ 12. Be2 Bb4 13. O-O Bxd2 14. Qxd2 O-O
15. c3 dxc3 16. Qxc3 Qxc3 17. Bxc3 e5 18. Bf3 Nd4 19. Bxd4 exd4 20. Rfe1 Rd8 21.
Rad1 Ra7 22. Rxd4 Rf8 23. Re7 a5 24. Ra4 Rd8 25. b4 Kf8 26. Rc7 Be6 27. bxa5 Bd5
28. Bxd5 Rxd5 29. g3 Rdxa5 30. Rxa5 Rxa5 31. Rxb7 Rxa2 32. Rc7 g6 33. h4 h5 34.
Rb7 Kg7 35. Rb4 f6 36. Rb7+ Kh6 37. Rb6 f5 38. f4 Re2 39. Kf1 Rd2 40. Kg1 Re2
41. Kf1 Rd2 42. Kg1 Kg7 43. Rc6 Kf7 44. Rb6 Re2 45. Kf1 Re6 46. Rxe6 Kxe6 47.
Ke2 Kd5 48. Kd3 Kc5 49. Kc3 1/2-1/2

[Event "Mistrzostwa Polski Juniorek Mlodszych do lat 14 - OOM Zachodniopomorskie 2023"]
[Site "Darlowek"]
[Date "1899-12-30"]
[Round "3.26"]
[White "Kaminska, Zuzanna"]
[Black "Lecka, Hanna"]
[Result "1-0"]
[WhiteTitle "II"]
[BlackTitle "II+"]
[WhiteElo "1040"]
[BlackElo "1105"]

1. e4 c6 2. d4 d5 3. e5 Bf5 4. g4 Be4 5. f3 Bg6 6. e6 fxe6 7. Bf4 Nf6 8. Nc3 Nbd7
9. Qd2 Qb6 10. b3 c5 11. dxc5 Qxc5 12. Be3 Qc7 13. Bd3 Bxd3 14. Qxd3 Ne5 15. Qd2
Rc8 16. Bf4 Qxc3 17. Qxc3 Rxc3 18. Bxe5 Rxc2 19. Ne2 Rc8 20. Nf4 Kf7 21. Kd2 g5
22. Nh5 Bg7 23. Nxg7 Kxg7 24. Rhc1 Kf7 25. Kd3 Rhd8 26. h3 Nd7 27. Bg3 Kf6 28.
Bf2 a6 29. Kd4 Ne5 30. f4 gxf4 31. Bh4+ Kf7 32. Kxe5 d4 33. Kxf4 Rc3 34. Rxc3
dxc3 35. Rc1 Rd3 36. Be1 Rxh3 37. Rxc3 Rxc3 38. Bxc3 b5 39. Bb4 Kf6 40. g5+ Kf7
41. Ke5 Kg6 42. Bxe7 Kf7 43. Bb4 Kg6 44. Kxe6 Kxg5 45. Be7+ Kf4 46. Kd5 Kf5 47.
Kc5 Ke5 48. Kb6 Ke6 49. Ba3 Kd5 50. Kxa6 Kc6 51. Ka5 h5 52. Be7 Kd7 53. Bh4 Kc6
54. Bf2 Kc7 55. Kxb5 Kb7 56. a4 Kb8 57. Kb6 Ka8 58. a5 h4 59. Bxh4 Kb8 60. Kc6
Ka8 61. b4 Ka7 62. Bg3 Ka8 63. b5 Ka7 64. b6+ Ka6 65. b7 1-0

[Event "Mistrzostwa Polski Juniorek Mlodszych do lat 14 - OOM Zachodniopomorskie 2023"]
[Site "Darlowek"]
[Date "1899-12-30"]
[Round "4.1"]
[White "Moczala, Maja"]
[Black "Kawka, Milena"]
[Result "0-1"]
[WhiteTitle "I++"]
[BlackTitle "I+"]
[WhiteElo "1707"]
[BlackElo "1522"]

1. e4 c5 2. Nf3 g6 3. c3 Nf6 4. e5 Nd5 5. d4 cxd4 6. cxd4 Nc6 7. Bc4 Nb6 8. Bb5
a6 9. Bd3 d6 10. O-O Bg7 11. Bf4 dxe5 12. Bxe5 O-O 13. Bxg7 Kxg7 14. Be4 Be6 15.
Nc3 Bc4 16. Re1 e6 17. Bxc6 bxc6 18. Ne5 Bd5 19. Rc1 Rc8 20. b3 Qd6 21. Qe2 Ra8
22. Ne4 Qb4 23. Nxc6 Bxc6 24. Rxc6 Qxd4 25. Rd1 Qb4 26. Qb2+ Kh6 27. Ng3 Rad8
28. Rdc1 Rd6 29. a3 Qf4 30. Ne2 Qd2 31. Qxd2+ Rxd2 32. Rxb6 Rxe2 33. Rxa6 Rd8
34. b4 Rdd2 35. Rf1 e5 36. a4 e4 37. b5 Ra2 38. a5 Reb2 39. Rb6 Rxa5 40. Rf6 Kg7
41. Rf4 f5 42. g4 Raxb5 43. gxf5 gxf5 44. Re1 Rb1 45. Kf1 Kg6 46. h4 Kf6 47. Rxb1
Rxb1+ 48. Kg2 Ke5 49. Kg3 Rg1+ 50. Kh2 Kxf4 51. Kxg1 Kg4 52. Kg2 Kxh4 53. Kh2
Kg4 54. Kg2 f4 55. Kf1 Kf3 56. Ke1 h5 57. Kf1 e3 58. fxe3 fxe3 59. Ke1 e2 0-1

[Event "Mistrzostwa Polski Juniorek Mlodszych do lat 14 - OOM Zachodniopomorskie 2023"]
[Site "Darlowek"]
[Date "1899-12-30"]
[Round "4.2"]
[White "Natoli, Alessia"]
[Black "Babinska, Liwia"]
[Result "1-0"]
[WhiteTitle "k"]
[BlackTitle "I"]
[WhiteElo "1838"]
[BlackElo "1294"]

1. e4 c5 2. Nc3 a6 3. f4 Nc6 4. Nf3 e6 5. d3 d6 6. g3 Nf6 7. Bg2 e5 8. O-O Be7
9. Nd5 O-O 10. Ne3 h6 11. Bd2 b5 12. Qe1 Nd4 13. h3 Rb8 14. Kh2 Kh8 15. f5 Bb7
16. c3 Nxf3+ 17. Bxf3 Qd7 18. Ng4 Nxg4+ 19. Bxg4 f6 20. c4 Bc6 21. b3 b4 22. Qe2
Qb7 23. h4 Be8 24. Bh3 a5 25. g4 Kh7 26. g5 fxg5 27. hxg5 Bxg5 28. Bxg5 hxg5 29.
Rg1 Qe7 30. Qe3 Qf6 31. Rxg5 Qh6 32. Rag1 Rb7 33. Kg2 Rh8 34. Rf1 Rf7 35. Qc1
Kg8 36. Rh1 Rf6 37. Kg1 Qh4 38. Bg2 Qf4 39. Rxh8+ Kxh8 40. Qxf4 exf4 41. Bf3 g6
42. Rg4 gxf5 43. Rxf4 Rg6+ 44. Kf2 fxe4 45. Bxe4 Rg7 46. Rf8+ Rg8 47. Rf6 Kg7
48. Rxd6 Rf8+ 49. Ke3 Rf1 50. Re6 Bd7 51. Ra6 Rg1 52. Ra7 Rg3+ 1-0

[Event "Mistrzostwa Polski Juniorek Mlodszych do lat 14 - OOM Zachodniopomorskie 2023"]
[Site "Darlowek"]
[Date "1899-12-30"]
[Round "4.3"]
[White "Michalska, Lena"]
[Black "Gaszka, Zuzanna"]
[Result "0-1"]
[WhiteTitle "I"]
[BlackTitle "I++"]
[WhiteElo "1405"]
[BlackElo "1740"]

1. Nf3 Nf6 2. c4 g6 3. b3 Bg7 4. Bb2 O-O 5. e3 c5 6. Be2 Nc6 7. d4 cxd4 8. Nxd4
Nxd4 9. Bxd4 d5 10. O-O Re8 11. cxd5 Qxd5 12. Bf3 Qa5 13. Qc2 e5 14. Bc3 Qb6 15.
Nd2 Bf5 16. e4 Bg4 17. Bxg4 Nxg4 18. h3 Nf6 19. Qb2 Nh5 20. Nc4 Qc5 21. Rad1 Nf4
22. Nd6 Qxc3 23. Qxc3 Ne2+ 24. Kh2 Nxc3 25. Nxe8 Nxd1 26. Nd6 Bf8 27. Nxb7 Nc3
28. f3 Rb8 29. Na5 Rb5 30. Nc6 Bh6 31. Ra1 a5 32. a4 Rxb3 33. Nxa5 Rb4 34. Ra3
Ne2 35. g3 Nd4 36. h4 Bd2 37. Ra2 Bc3 38. Ra3 Rb2+ 39. Kh3 Bxa5 0-1

[Event "Mistrzostwa Polski Juniorek Mlodszych do lat 14 - OOM Zachodniopomorskie 2023"]
[Site "Darlowek"]
[Date "1899-12-30"]
[Round "4.4"]
[White "Chmielek, Kamelia"]
[Black "Wojs, Alicja"]
[Result "0-1"]
[WhiteTitle "I+"]
[BlackTitle "I++"]
[WhiteElo "1420"]
[BlackElo "1639"]

1. e4 e6 2. d4 d5 3. Nd2 c5 4. exd5 exd5 5. Ngf3 Nc6 6. dxc5 Bxc5 7. Nb3 Bb6 8.
Be2 Nf6 9. O-O O-O 10. h3 Qd6 11. c3 Ne4 12. Nbd4 a6 13. Be3 Bc7 14. Qc1 h6 15.
Nxc6 bxc6 16. c4 Re8 17. Rd1 Ng5 18. Bxg5 hxg5 19. Qd2 g4 20. hxg4 Bxg4 21. g3
Bb6 22. Kg2 Qc5 23. Bd3 dxc4 24. Bf1 Qh5 25. Be2 Qh3+ 26. Kg1 Qxg3+ 27. Kh1 Bxf3+
0-1

[Event "Mistrzostwa Polski Juniorek Mlodszych do lat 14 - OOM Zachodniopomorskie 2023"]
[Site "Darlowek"]
[Date "1899-12-30"]
[Round "4.5"]
[White "Obukhava, Anastasiya"]
[Black "Oszutowska, Anna"]
[Result "1-0"]
[WhiteTitle "I"]
[BlackTitle "I"]
[WhiteElo "1610"]
[BlackElo "1299"]

1. b3 e5 2. Bb2 Nc6 3. e3 Nf6 4. Nf3 e4 5. Nd4 Nxd4 6. exd4 a6 7. d3 d5 8. dxe4
Nxe4 9. Bd3 Bd6 10. Nd2 O-O 11. Bxe4 dxe4 12. Qe2 Re8 13. O-O-O Bf4 14. Kb1 e3
15. Nc4 exf2 16. Qxf2 Bd6 17. Rhf1 f6 18. h3 b5 19. Ne3 a5 20. c4 bxc4 21. bxc4
Ba6 22. Rfe1 Bb4 23. Rg1 Rb8 24. Ka1 a4 25. a3 Bf8 26. Rd3 Rb7 27. Qc2 Qb8 28.
Rb1 Rb3 29. Bc1 Rxb1+ 30. Qxb1 Qxb1+ 31. Kxb1 Bb7 32. d5 Rd8 33. Bd2 c6 34. Bb4
cxd5 35. Nxd5 Kf7 36. Kc2 Bxd5 37. Rxd5 Rxd5 38. cxd5 Bxb4 39. axb4 Ke7 40. b5
Kd6 41. b6 Kd7 42. Kc3 Kc8 43. d6 f5 44. Kb4 g5 45. Kxa4 g4 46. hxg4 fxg4 47.
Kb5 h5 48. Kc6 h4 49. b7+ Kb8 50. d7 h3 51. d8=Q+ Ka7 52. b8=Q+ Ka6 53. Qdb6#
1-0

[Event "Mistrzostwa Polski Juniorek Mlodszych do lat 14 - OOM Zachodniopomorskie 2023"]
[Site "Darlowek"]
[Date "1899-12-30"]
[Round "4.6"]
[White "Palejko, Gabriela"]
[Black "Duda, Aleksandra"]
[Result "0-1"]
[WhiteTitle "I"]
[BlackTitle "I++"]
[WhiteElo "1344"]
[BlackElo "1570"]

1. e4 d5 2. exd5 Qxd5 3. Nc3 Qd6 4. d4 Nf6 5. Nf3 a6 6. h3 Nc6 7. Be2 e6 8. Be3
Be7 9. Qd2 b5 10. a3 Bb7 11. O-O O-O 12. Rad1 Nd5 13. Bd3 Nxe3 14. fxe3 e5 15.
Qf2 exd4 16. exd4 Qh6 17. Rde1 Bd6 18. Nh4 g6 19. Nd5 Qg5 20. Nf6+ Kg7 21. Ne4
Qd8 22. c3 Be7 23. Nf3 f5 24. Ng3 Qd7 25. Qd2 Rae8 26. Ng5 Bf6 27. h4 Rxe1 28.
Rxe1 Re8 29. Rf1 Nxd4 30. Bxf5 Ne2+ 31. Qxe2 Rxe2 32. Bxd7 Rxg2+ 33. Kh1 Rxg3+
34. Kh2 Rg2+ 35. Kh3 Bxg5 36. hxg5 Rxg5 37. Be6 Bg2+ 0-1

[Event "Mistrzostwa Polski Juniorek Mlodszych do lat 14 - OOM Zachodniopomorskie 2023"]
[Site "Darlowek"]
[Date "1899-12-30"]
[Round "4.7"]
[White "Klintsevich, Aliaksandra"]
[Black "Branka, Julia"]
[Result "1-0"]
[WhiteTitle "I"]
[BlackTitle "I"]
[WhiteElo "1541"]
[BlackElo "1324"]

1. d4 d5 2. c4 e6 3. Nc3 Nf6 4. Nf3 c5 5. dxc5 Bxc5 6. cxd5 exd5 7. e3 O-O 8. Be2
Nc6 9. O-O d4 10. Na4 Bb4 11. exd4 Nd5 12. a3 Ba5 13. b4 Bc7 14. Bb2 b6 15. Rc1
Bb7 16. Qb3 Nce7 17. Ne5 Qd6 18. f4 Qh6 19. Bf3 Rac8 20. g3 Kh8 21. Nc3 Rcd8 22.
Nxd5 Bxd5 23. Bxd5 Nxd5 24. Rxc7 Nxc7 25. Nxf7+ Rxf7 26. Qxf7 Nd5 27. Re1 Nf6
28. d5 Rg8 29. d6 Ng4 30. h3 Nf6 31. h4 b5 32. Bxf6 Qxf6 33. Qxf6 gxf6 34. d7
Rxg3+ 35. Kf2 Rd3 36. Re8+ Kg7 37. d8=Q Rxd8 38. Rxd8 Kg6 39. Ra8 h6 40. Rxa7
Kh5 41. a4 bxa4 42. Rxa4 Kxh4 43. b5 h5 44. b6 Kg4 45. b7 h4 46. b8=Q 1-0

[Event "Mistrzostwa Polski Juniorek Mlodszych do lat 14 - OOM Zachodniopomorskie 2023"]
[Site "Darlowek"]
[Date "1899-12-30"]
[Round "4.8"]
[White "Konkol, Sandra"]
[Black "Nowak, Emilia"]
[Result "0-1"]
[WhiteTitle "I+"]
[BlackTitle "I"]
[WhiteElo "1468"]
[BlackElo "1252"]

1. c4 e6 2. e4 d5 3. exd5 exd5 4. d4 Nf6 5. Nc3 Be6 6. Qb3 b6 7. Nf3 Be7 8. cxd5
Nxd5 9. Bc4 c6 10. Ne5 Nc7 11. Nxf7 Kxf7 12. Bxe6+ Nxe6 13. d5 Nd4 14. Qa4 Re8
15. O-O c5 16. Be3 Bf6 17. Rfe1 Nd7 18. Bxd4 cxd4 19. Rxe8 Qxe8 20. Nb5 Qe5 21.
Nxd4 Nc5 22. Qc6 Rd8 23. Ne6 Nxe6 24. dxe6+ Qxe6 25. Qb7+ Rd7 26. Qf3 Qd5 27.
Qe2 Re7 28. Qc2 Qe4 29. Qb3+ Qe6 30. Qb4 Bxb2 31. Rd1 Bf6 32. h3 Qxa2 33. Qg4
Qe2 34. Qa4 b5 35. Qb3+ Qc4 36. Qf3 g6 37. Rd6 Qc1+ 38. Kh2 Qg5 39. Rd5 Qc1 40.
Rd6 Qb2 41. g4 Qe5+ 0-1

[Event "Mistrzostwa Polski Juniorek Mlodszych do lat 14 - OOM Zachodniopomorskie 2023"]
[Site "Darlowek"]
[Date "1899-12-30"]
[Round "4.9"]
[White "Opalka, Marta"]
[Black "Kicinska, Anna"]
[Result "1/2-1/2"]
[WhiteTitle "I"]
[BlackTitle "I++"]
[WhiteElo "1330"]
[BlackElo "1424"]

1. d4 d5 2. c4 e6 3. Nc3 Nf6 4. Nf3 Nbd7 5. e3 Be7 6. Qc2 c6 7. cxd5 exd5 8. Bd3
Nb6 9. b3 Bg4 10. Ne5 Bh5 11. Bb2 Nbd7 12. h3 Bg6 13. Nxg6 hxg6 14. Ne2 Rc8 15.
a3 c5 16. Qb1 c4 17. bxc4 dxc4 18. Be4 b5 19. Nf4 c3 20. Bc1 Qa5 21. O-O O-O 22.
Nd5 Bd6 23. Nxf6+ Nxf6 24. Bd3 Rb8 25. e4 Bc7 26. Qb3 Kh8 27. e5 Ne8 28. e6 fxe6
29. Qxe6 Rf6 30. Qg4 Qb6 31. Be3 Qd6 32. Rfc1 a5 33. g3 Qc6 34. Be4 Qe6 35. Qh4+
Kg8 36. Rxc3 Bb6 37. Bc2 Nd6 38. Bb3 Nc4 39. Rac1 Rc8 40. d5 Qd6 41. Bxc4 bxc4
42. Bd4 Bxd4 43. Qxd4 Rf5 44. Rxc4 Rxc4 45. Qxc4 Qxd5 46. Kf1 Qf7 47. Qxf7+ Kxf7
48. Ke2 Rb5 49. Rc4 Rd5 50. a4 Kf6 51. Ke3 Kf5 52. Rf4+ Ke6 53. Rg4 Kf6 54. Rd4
Rc5 55. Ke4 Ke6 56. Kd3 Ke5 57. Re4+ Kf6 58. Kd4 Rc2 59. Rf4+ Ke6 60. Rf3 Ra2
61. Re3+ Kd7 62. Kc5 Rxa4 63. Kb5 Ra2 64. f3 Ra1 1/2-1/2

[Event "Mistrzostwa Polski Juniorek Mlodszych do lat 14 - OOM Zachodniopomorskie 2023"]
[Site "Darlowek"]
[Date "1899-12-30"]
[Round "4.10"]
[White "Borowik, Monika"]
[Black "Mansz, Martyna"]
[Result "1-0"]
[WhiteTitle "I"]
[BlackTitle "I"]
[WhiteElo "1372"]
[BlackElo "1208"]

1. d4 d5 2. Bg5 f6 3. Bh4 Bf5 4. Nd2 e6 5. e3 Ne7 6. c4 Ng6 7. Bg3 c6 8. Ngf3 Nd7
9. cxd5 cxd5 10. Be2 Qb6 11. Qa4 Qxb2 12. O-O Qb4 13. Bb5 Qxa4 14. Bxa4 Bd3 15.
Rfc1 b5 16. Bb3 Ba3 17. Rc6 Ke7 18. e4 Bc4 19. Nxc4 bxc4 20. Bc2 Rhc8 21. Ra6
Bb2 22. Rb1 c3 23. Re1 dxe4 24. Rxe4 Nb6 25. d5 e5 26. Nd4 Nxd5 27. f4 Ngxf4 28.
Bxf4 Nxf4 29. Nf5+ Kf8 30. Nd6 Rd8 31. g3 Ne6 32. Rc4 Ke7 33. Nf5+ Kf7 34. Bb3
Kg6 35. Nh4+ Kf7 36. Rc7+ Kf8 37. Rxe6 Rac8 38. Ree7 Ba3 39. Rf7+ Ke8 40. Nf5
Bf8 41. Ba4+ Rd7 42. Rxc8+ Kxf7 43. Bxd7 1-0

[Event "Mistrzostwa Polski Juniorek Mlodszych do lat 14 - OOM Zachodniopomorskie 2023"]
[Site "Darlowek"]
[Date "1899-12-30"]
[Round "4.11"]
[White "Kucia, Kinga"]
[Black "Rusiecki, Katarzyna"]
[Result "1-0"]
[WhiteTitle "I"]
[BlackTitle "I+"]
[WhiteElo "1253"]
[BlackElo "1370"]

1. d4 d5 2. Nf3 Nf6 3. c4 c6 4. Nc3 Bf5 5. cxd5 cxd5 6. Qb3 b6 7. Bf4 e6 8. e3
Nbd7 9. Bb5 a6 10. Bxd7+ Nxd7 11. O-O Be7 12. Rac1 O-O 13. Ne5 Nxe5 14. Bxe5 b5
15. Ne2 Bd6 16. Bxd6 Qxd6 17. Rc5 Rac8 18. Rfc1 Rxc5 19. Rxc5 Qb6 20. Qb4 Bd3
21. Nc3 Bc4 22. Na4 Qb8 23. Nc3 Qd8 24. b3 Bd3 25. Qa3 Qb6 26. Qc1 Qa5 27. Qd1
Bg6 28. a4 f6 29. h3 Rb8 30. axb5 axb5 31. Ne2 Bh5 32. g4 Bf7 33. Qc1 g5 34. Ng3
Qd8 35. b4 Qf8 36. Qc3 Be8 37. e4 dxe4 38. Nxe4 Bg6 39. Ng3 h6 40. Qf3 Qd8 41.
Qe3 Qd7 42. Ne4 Kg7 43. Nxf6 Qd6 44. Ne4 Qf4 45. Qxf4 gxf4 46. Nd6 Bd3 47. Rc7+
Kg6 48. Re7 Kf6 49. Rf7+ Kg5 50. Re7 Kf6 51. Rb7 Rxb7 52. Nxb7 Kg5 53. Nc5 Bc4
54. Kg2 Bd5+ 55. f3 Bc4 56. Ne4+ Kh4 57. Nd6 Bd3 58. Nf7 h5 59. Ne5 Bc2 60. Nd7
hxg4 61. hxg4 Bd3 62. Nc5 Bc4 63. Ne4 Bd5 64. Nf2 Kg5 65. Nh3+ Kf6 66. Nxf4 Bc6
67. Nd3 Ke7 68. g5 Be8 69. Nf4 Kd6 70. Kg3 e5 71. dxe5+ Kxe5 72. Kg4 Bd7+ 73.
Kg3 Be8 74. g6 Kf6 75. Kg4 Bd7+ 76. Kh5 Bc6 77. Kh6 Bxf3 78. g7 Kf7 79. Kh7 1-0

[Event "Mistrzostwa Polski Juniorek Mlodszych do lat 14 - OOM Zachodniopomorskie 2023"]
[Site "Darlowek"]
[Date "1899-12-30"]
[Round "4.12"]
[White "Doskocz, Dominika"]
[Black "Gajda, Anna"]
[Result "0-1"]
[WhiteTitle "I"]
[BlackTitle "I"]
[WhiteElo "1193"]
[BlackElo "1248"]

1. e4 c5 2. Nf3 e6 3. d4 cxd4 4. Nxd4 Nf6 5. Nc3 Nc6 6. Bc4 Bb4 7. f3 Qa5 8. Nde2
O-O 9. a3 Bc5 10. Bd2 Qc7 11. Bf4 Qd8 12. Bd6 Bxd6 13. Qxd6 a6 14. Bb3 Re8 15.
e5 Nd5 16. Nxd5 exd5 17. Qxd5 Qe7 18. O-O d6 19. exd6 Qe3+ 20. Rf2 Be6 21. Qd1
Bxb3 22. cxb3 Rad8 23. Nc3 Re6 24. Ne4 f5 25. Qd5 Nd4 26. Nc5 Rdxd6 27. Qxb7 Re8
28. Qb4 Rc6 29. Qc4+ Kh8 30. b4 a5 31. bxa5 Rxc5 32. Qa4 Rec8 33. Raf1 Rc1 34.
g3 Nxf3+ 35. Kg2 Rxf1 36. Rxf1 Nd4 37. Rf2 Qe4+ 38. Kh3 g5 39. Qd7 g4+ 40. Kh4
Rg8 41. Qf7 Nf3+ 42. Rxf3 gxf3+ 43. Kh5 Qg4+ 44. Kh6 Qg5# 0-1

[Event "Mistrzostwa Polski Juniorek Mlodszych do lat 14 - OOM Zachodniopomorskie 2023"]
[Site "Darlowek"]
[Date "1899-12-30"]
[Round "4.13"]
[White "Wieczorek, Maja"]
[Black "Pietrzak, Antonina"]
[Result "1-0"]
[WhiteTitle "I"]
[BlackTitle "I"]
[WhiteElo "1308"]
[BlackElo "1104"]

1. e4 c5 2. Nf3 d6 3. d4 cxd4 4. Nxd4 Nc6 5. Nc3 Nf6 6. Be3 g6 7. Bc4 Bg7 8. f3
a6 9. Qd2 Nxd4 10. Bxd4 O-O 11. O-O-O b5 12. Bb3 Bb7 13. g4 Nd7 14. Bxg7 Kxg7
15. h4 h6 16. f4 f6 17. g5 fxg5 18. hxg5 h5 19. Qd4+ Kh7 20. f5 Ne5 21. Rh3 Kg7
22. Rdh1 Rh8 23. Rf1 Rf8 24. Bd5 Rb8 25. Ne2 Bxd5 26. Qxd5 Rc8 27. Nf4 Rc5 28.
Ne6+ Kh7 29. Nxc5 dxc5 30. Qxe5 Qa5 31. Qxe7+ Kg8 32. Qe6+ Kh8 33. Qxg6 1-0

[Event "Mistrzostwa Polski Juniorek Mlodszych do lat 14 - OOM Zachodniopomorskie 2023"]
[Site "Darlowek"]
[Date "1899-12-30"]
[Round "4.14"]
[White "Walewska, Natalia"]
[Black "Szczepanska, Jagoda"]
[Result "1/2-1/2"]
[WhiteTitle "I"]
[BlackTitle "II+"]
[WhiteElo "1297"]
[BlackElo "1107"]

1. e4 c6 2. d4 d5 3. exd5 cxd5 4. Bd3 Nc6 5. c3 Nf6 6. h3 Qc7 7. Nf3 a6 8. O-O
Bd7 9. Nbd2 e6 10. Re1 Bd6 11. Qe2 O-O 12. Ne5 b5 13. a3 Rab8 14. f4 Na5 15. Kh1
Bc6 16. b4 Nc4 17. Kh2 Qb7 18. Qf2 Bxe5 19. fxe5 Ne4 20. Nxe4 dxe4 21. Bxc4 bxc4
22. Qg3 Kh8 23. h4 f5 24. exf6 Rxf6 25. Bg5 Rf5 26. Rf1 Rbf8 27. Kg1 Bd5 28. Qd6
Qc8 29. Rf4 Rxf4 30. Bxf4 h6 31. Rf1 Kg8 32. Be3 Rxf1+ 33. Kxf1 Qf8+ 34. Qxf8+
Kxf8 35. a4 Bc6 36. a5 1/2-1/2

[Event "Mistrzostwa Polski Juniorek Mlodszych do lat 14 - OOM Zachodniopomorskie 2023"]
[Site "Darlowek"]
[Date "1899-12-30"]
[Round "4.15"]
[White "Kretowicz, Daria"]
[Black "Walerjan, Ada"]
[Result "1/2-1/2"]
[WhiteTitle "I"]
[BlackTitle "I"]
[WhiteElo "1163"]
[BlackElo "1219"]

1. e4 c5 2. Nf3 d6 3. d4 cxd4 4. Nxd4 Nf6 5. Nc3 a6 6. Be3 b5 7. f3 Bb7 8. Bd3
e6 9. O-O Be7 10. Qd2 O-O 11. a3 Nbd7 12. Rad1 d5 13. exd5 Nxd5 14. Nxd5 Bxd5
15. c3 Rc8 16. Bc2 Nb6 17. Qd3 g6 18. Qd2 Nc4 19. Qc1 Nxe3 20. Qxe3 Bc5 21. Qe1
Bc4 22. Rf2 Qf6 23. f4 Rfd8 24. Qe5 Qxe5 25. fxe5 Rd7 26. Rfd2 Rcd8 27. Kh1 Bxd4
28. Rxd4 Rxd4 29. Rxd4 Rxd4 30. cxd4 Kf8 31. b3 1/2-1/2

[Event "Mistrzostwa Polski Juniorek Mlodszych do lat 14 - OOM Zachodniopomorskie 2023"]
[Site "Darlowek"]
[Date "1899-12-30"]
[Round "4.16"]
[White "Wrona, Faustyna"]
[Black "Strzoda, Natalia"]
[Result "1/2-1/2"]
[WhiteTitle "II+"]
[BlackTitle "I"]
[WhiteElo "1046"]
[BlackElo "1348"]

1. e4 c5 2. c3 Nf6 3. e5 Nd5 4. d4 cxd4 5. cxd4 d6 6. f4 Nc6 7. Nf3 Bf5 8. Bd2
e6 9. Nc3 Ndb4 10. Rc1 dxe5 11. dxe5 Bd3 12. Be2 Bxe2 13. Kxe2 Bc5 14. Be3 Bxe3
15. Qxd8+ Rxd8 16. Kxe3 Ke7 17. a3 Nd5+ 18. Nxd5+ Rxd5 19. Rhd1 Rhd8 20. Rxd5
Rxd5 21. b4 a6 22. Ng5 h6 23. Ne4 Kd8 24. Nd6 Kc7 25. Nxf7 a5 26. Nd6 axb4 27.
axb4 b5 28. Ne4 Kb6 29. Nc5 Nd4 30. g4 g6 31. Rd1 Nc2+ 32. Ke2 Rxd1 33. Kxd1 Nd4
34. h4 h5 35. gxh5 gxh5 36. Ne4 Nf5 37. Nf6 Nxh4 38. Nxh5 Ng6 39. Kd2 Kc6 40.
Ke3 Kd5 41. Kd3 Ne7 42. Nf6+ Kc6 43. Ke4 Nf5 44. Nh5 Kd7 45. Nf6+ Kc6 46. Kd3
Ne7 47. Kc3 Nf5 48. Ne4 Ne7 49. Nf6 Nf5 1/2-1/2

[Event "Mistrzostwa Polski Juniorek Mlodszych do lat 14 - OOM Zachodniopomorskie 2023"]
[Site "Darlowek"]
[Date "1899-12-30"]
[Round "4.17"]
[White "Bastrzyk, Kinga"]
[Black "Pawlikowska, Ewa"]
[Result "0-1"]
[WhiteTitle "II+"]
[BlackTitle "I"]
[WhiteElo "1175"]
[BlackElo "1343"]

1. e4 c6 2. Nf3 d5 3. Nc3 Bg4 4. h3 Bxf3 5. Qxf3 e6 6. g3 Bd6 7. d4 Bc7 8. Qd3
a6 9. a4 Nd7 10. Bg2 dxe4 11. Nxe4 Ngf6 12. O-O O-O 13. b4 Rc8 14. Ba3 Re8 15.
b5 axb5 16. axb5 cxb5 17. Nxf6+ Qxf6 18. Bxb7 Rb8 19. Bc6 Red8 20. Bxb5 e5 21.
c4 exd4 22. Bxd7 Rxd7 23. Rfd1 Qc6 24. Rd2 Ba5 25. Rb2 Re8 26. Rb5 Bc3 27. Rab1
Rdd8 28. Rb6 Qd7 29. Kg2 Qc8 30. Bb2 Bxb2 31. R6xb2 g6 32. Rb7 Qa8 33. Qf3 Rf8
34. c5 d3 35. c6 d2 36. Qb3 Kg7 37. Qc2 Qa5 38. Rd1 Qd5+ 39. Kg1 Rfe8 40. Qc3+
Kh6 41. Rb6 Qe4 42. Qe3+ Qxe3 43. fxe3 Rxe3 44. Kf2 Rc3 45. Rb7 f5 46. c7 Rc8
47. Rxd2 R8xc7 48. Rxc7 Rxc7 49. Re2 Kg5 50. Re3 Rb7 51. Kf3 Rb4 52. Kf2 Re4 53.
Rxe4 fxe4 54. Ke3 Kf5 55. Ke2 h5 56. Kf2 Ke5 57. Ke3 Kd5 58. Ke2 Kd4 59. Kd2 e3+
60. Ke2 Ke4 61. Ke1 Kf3 62. g4 hxg4 63. hxg4 Kxg4 64. Kf1 Kf3 65. Ke1 e2 66. Kd2
Kf2 67. Kc2 e1=Q 68. Kb2 Ke3 69. Kb3 Qc1 70. Kb4 Kd4 71. Kb5 Qc5+ 72. Ka4 Qb6
0-1

[Event "Mistrzostwa Polski Juniorek Mlodszych do lat 14 - OOM Zachodniopomorskie 2023"]
[Site "Darlowek"]
[Date "1899-12-30"]
[Round "4.18"]
[White "Socha, Maja"]
[Black "Lukasik, Aleksandra"]
[Result "0-1"]
[WhiteTitle "II+"]
[BlackTitle "I"]
[WhiteElo "1073"]
[BlackElo "1236"]

1. e4 d6 2. d4 Nf6 3. Nc3 Nbd7 4. Nf3 e5 5. d5 c6 6. Bc4 h6 7. O-O Be7 8. Nh4 g6
9. dxc6 bxc6 10. f4 exf4 11. Nf3 g5 12. Re1 Qb6+ 13. Kh1 Ng4 14. Qd4 Qxd4 15.
Nxd4 Nde5 16. Bb3 h5 17. Bd2 h4 18. h3 Nh6 19. Rad1 Bd8 20. Nce2 a5 21. a4 Ba6
22. Bc3 Rg8 23. Nf5 Nxf5 24. exf5 Bc7 25. Nd4 Kf8 26. f6 g4 27. Nf5 gxh3 28. gxh3
f3 29. Bxe5 f2 30. Bxd6+ Bxd6 31. Nxd6 fxe1=Q+ 32. Rxe1 Rg6 33. Bxf7 Rxf6 34.
Be6 Ke7 35. Nf5+ Kf8 36. Nxh4 Re8 37. Ng6+ Kg7 38. Rg1 Rxg6 39. Rxg6+ Kxg6 40.
Bd7 Re1+ 41. Kg2 Re2+ 42. Kf3 Rxc2 43. Kg4 Be2+ 44. Kf4 Rxb2 45. Bxc6 Rb4+ 46.
Ke5 Kg5 47. Bd7 Kh4 48. Kd5 Bf1 49. Ke5 Bxh3 50. Bxh3 Kxh3 0-1

[Event "Mistrzostwa Polski Juniorek Mlodszych do lat 14 - OOM Zachodniopomorskie 2023"]
[Site "Darlowek"]
[Date "1899-12-30"]
[Round "4.19"]
[White "Kawala, Camilla"]
[Black "Miklosz, Malgorzata"]
[Result "1/2-1/2"]
[WhiteTitle "II"]
[BlackTitle "I"]
[WhiteElo "1110"]
[BlackElo "1226"]

1. e4 c5 2. d4 cxd4 3. Qxd4 Nc6 4. Qd1 e6 5. Nc3 Nf6 6. Bg5 Be7 7. Nf3 h6 8. Be3
d5 9. exd5 Nxd5 10. Nxd5 exd5 11. Be2 O-O 12. O-O Bf6 13. c3 Be6 14. Nd4 Qd7 15.
f4 Nxd4 16. Bxd4 Bxd4+ 17. Qxd4 Rfe8 18. Rae1 f6 19. h3 Bf7 20. Bf3 Qb5 21. b3
Qa5 22. a4 a6 23. Rxe8+ Rxe8 24. b4 Qxa4 25. Bxd5 Qd7 26. Bxf7+ Qxf7 27. Rd1 Qe7
28. f5 Kf8 29. Qd6 Qxd6 30. Rxd6 Re7 31. Rd8+ Kf7 32. Kf2 Rc7 33. Rd3 Ke7 1/2-1/2